Gaming Quiz

Random Gaming or Nintendo Quiz

Non-Evolving Pokémon Quiz Stats

 Plays Quiz Updated Dec 23, 2020

Support Sporcle.
Go Orange.
Score 0/165 Timer 15:00
11 Plays Today
Dex # Pokemon % Correct
151Mew
87.3%
150Mewtwo
86.1%
145Zapdos
85.3%
144Articuno
85%
146Moltres
84.9%
131Lapras
74.3%
142Aerodactyl
72.8%
127Pinsir
72%
249Lugia
71.4%
250Ho-oh
71.2%
383Groudon
68.4%
244Entei
68%
382Kyogre
67.4%
245Suicune
66.9%
251Celebi
66.8%
384Rayquaza
66.7%
484Palkia
66.3%
128Tauros
66.2%
483Dialga
65.9%
243Raikou
65.5%
378Regice
65.4%
377Regirock
65.3%
379Registeel
65.2%
381Latios
63.2%
380Latias
63.1%
487Giratina
62.7%
491Darkrai
61.3%
132Ditto
61.2%
227Skarmory
60.4%
385Jirachi
60.3%
214Heracross
60.2%
644Zekrom
58.9%
115Kangaskhan
58.6%
485Heatran
58.4%
643Reshiram
58.3%
492Shaymin
58.1%
493Arceus
57.8%
486Regigigas
57.6%
386Deoxys
57.2%
480Uxie
56.9%
482Azelf
56.3%
716Xerneas
56.1%
479Rotom
56%
481Mesprit
55.7%
302Sableye
55.1%
490Manaphy
54.8%
717Yveltal
54.6%
494Victini
54.6%
720Hoopa
54.2%
311Plusle
54.1%
312Minun
53.7%
338Solrock
53.4%
489Phione
53.4%
718Zygarde
53.3%
646Kyurem
53.2%
Dex # Pokemon % Correct
337Lunatone
53.1%
357Tropius
53.1%
488Cresselia
53%
303Mawile
52.7%
203Girafarig
52.6%
719Diancie
52.1%
888Zacian
52.1%
889Zamazenta
51.5%
721Volcanion
51.2%
442Spiritomb
50.6%
645Landorus
50.6%
638Cobalion
50.3%
785Tapu Koko
50.3%
640Virizion
50.2%
639Terrakion
50.2%
225Delibird
50.1%
641Tornadus
50%
647Keldeo
49.8%
895Regidrago
48.8%
786Tapu Lele
48.8%
890Eternatus
48.8%
642Thundurus
48.4%
241Miltank
48.3%
649Genesect
47.9%
211Qwilfish
47.7%
213Shuckle
47.6%
359Absol
47.4%
788Tapu Fini
47.2%
894Regieleki
47.1%
787Tapu Bulu
47.1%
587Emolga
47%
539Sawk
46.4%
336Seviper
46.3%
417Pachirisu
46.1%
369Relicanth
46%
335Zangoose
45.9%
794Buzzwole
45.9%
702Dedenne
45.6%
648Meloetta
45.6%
313Volbeat
45.5%
898Calyrex
45.4%
324Torkoal
45.3%
701Hawlucha
45.3%
621Druddigon
45.3%
538Throh
45.2%
314Illumise
44.8%
780Drampa
44.8%
778Mimikyu
44.7%
799Guzzlord
44.2%
632Durant
44.2%
741Oricorio
44.1%
201Unown
43.5%
798Kartana
43.5%
703Carbink
43.4%
707Klefki
43.4%
Dex # Pokemon % Correct
618Stunfisk
43.2%
631Heatmor
42.8%
206Dunsparce
42.1%
370Luvdisc
42.1%
797Celesteela
41.8%
800Necrozma
41.2%
796Xurkitree
41%
777Togedemaru
41%
793Nihilego
41%
893Zarude
40.9%
795Pheromosa
40.8%
776Turtonator
40.6%
805Stakataka
40.6%
897Spectrier
40.5%
807Zeraora
39.9%
896Glastrier
39.7%
882Dracovish
39.5%
801Magearna
38.8%
235Smeargle
38.7%
802Marshadow
38.7%
234Stantler
38.6%
880Dracozolt
38.4%
806Blacephalon
38.4%
327Spinda
38.3%
883Arctovish
38.1%
881Arctozolt
37.8%
877Morpeko
37.8%
884Duraludon
37.6%
561Sigilyph
37.3%
615Cryogonal
37%
779Bruxish
36.6%
781Dhelmise
36%
765Oranguru
35.7%
352Kecleon
35.6%
351Castform
35%
766Passimian
34.3%
531Audino
33.7%
441Chatot
33.6%
746Wishiwashi
33.3%
774Minior
33.3%
594Alomomola
32.4%
875Eiscue
32.4%
876Indeedee
32.3%
455Carnivine
32.2%
550Basculin
32.1%
845Cramorant
31.8%
764Comfey
30.6%
556Maractus
30.2%
626Bouffalant
29.7%
874Stonjourner
29.4%
676Furfrou
29.3%
771Pyukumuku
28.5%
775Komala
27.2%
870Falinks
27%
871Pincurchin
4.9%

You're not logged in!

Compare scores with friends on all Sporcle quizzes.
OR
Log In

From the Vault

Organism by Population

by senordingdong

If ants ever decided to rise up against us, we'd be in pretty big trouble.
Remove Ads.
Support Sporcle.
Get the best of Sporcle when you Go Orange. This ad-free experience offers more features, more stats, and more fun while also helping to support Sporcle. Thank you for becoming a member.

Show Comments

Extras

Top Quizzes Today


Score Distribution

Your Account Isn't Verified!

In order to create a playlist on Sporcle, you need to verify the email address you used during registration. Go to your Sporcle Settings to finish the process.

Report this User

Report this user for behavior that violates our Community Guidelines.

Details: